Property market values - January 1991 - December 1991 (Record no. 93688)

MARC details
000 -LEADER
fixed length control field 00807cam a2200277 4500
001 - CONTROL NUMBER
control field B3418
008 - FIXED-LENGTH DATA ELEMENTS--GENERAL INFORMATION
fixed length control field 090401t xxu||||| |||| 00| 0 eng d
035 ## - SYSTEM CONTROL NUMBER
System control number (Sirsi) u55945
041 ## - LANGUAGE CODE
Language code of text/sound track or separate title eng
050 ## - LIBRARY OF CONGRESS CALL NUMBER
Classification number 332.6324
110 ## - MAIN ENTRY--CORPORATE NAME
Corporate name or jurisdiction name as entry element Hillier Parker Research
9 (RLIN) 2002
245 ## - TITLE STATEMENT
Title Property market values - January 1991 - December 1991
260 ## - PUBLICATION, DISTRIBUTION, ETC.
Place of publication, distribution, etc. London
Name of publisher, distributor, etc. Hillier Parker May and Rowden
Date of publication, distribution, etc. 1991 -
300 ## - PHYSICAL DESCRIPTION
Extent 4 pt. ; 30cm.
350 ## - PRICE (NR) (BK AM CF MU VM SE) [OBSOLETE]
Price 0
520 ## - SUMMARY, ETC.
Summary, etc. Published quarterly. - Previously published as part of ICHP Property Market Indicators q.v.
650 ## - SUBJECT ADDED ENTRY--TOPICAL TERM
Topical term or geographic name entry element CAPITAL VALUES
650 ## - SUBJECT ADDED ENTRY--TOPICAL TERM
Topical term or geographic name entry element INDUSTRIAL PROPERTY
650 ## - SUBJECT ADDED ENTRY--TOPICAL TERM
Topical term or geographic name entry element OFFICES
650 ## - SUBJECT ADDED ENTRY--TOPICAL TERM
Topical term or geographic name entry element PROPERTY MARKET INDICATORS
650 ## - SUBJECT ADDED ENTRY--TOPICAL TERM
Topical term or geographic name entry element RATES OF RETURN
650 ## - SUBJECT ADDED ENTRY--TOPICAL TERM
Topical term or geographic name entry element SHOPS
710 ## - ADDED ENTRY--CORPORATE NAME
Corporate name or jurisdiction name as entry element Investors Chronicle
9 (RLIN) 2657
942 ## - ADDED ENTRY ELEMENTS (KOHA)
Suppress in OPAC 0
948 ## - LOCAL PROCESSING INFORMATION (OCLC); SERIES PART DESIGNATOR (RLIN)
c (OCLC) 04/03/1997
Holdings
Withdrawn status Lost status Source of classification or shelving scheme Damaged status Not for loan Home library Current library Shelving location Date acquired Total Checkouts Full call number Barcode Date last seen Copy number Price effective from Koha item type
    Dewey Decimal Classification     London London Property market reports 24/09/1991   PROPERTY MARKET REPORTS 30024252 06/08/2019 1 06/08/2019 Reference material
    Dewey Decimal Classification     London London Property market reports 22/08/1991   PROPERTY MARKET REPORTS 30027364 06/08/2019 2 06/08/2019 Reference material
    Dewey Decimal Classification     London London Property market reports 24/09/1991   PROPERTY MARKET REPORTS 30027445 06/08/2019 3 06/08/2019 Reference material
    Dewey Decimal Classification     London London Property market reports 13/12/1991   PROPERTY MARKET REPORTS 30028740 06/08/2019 4 06/08/2019 Reference material
    Dewey Decimal Classification     London London Property market reports 24/09/1991   PROPERTY MARKET REPORTS 30029949 06/08/2019 5 06/08/2019 Reference material